La post-alfabetización como proceso social: el caso de Nicaragua

Salvato in:
Dettagli Bibliografici
Autore principale: Torres, Rosa María
Natura: testo
Pubblicazione: San José: CSUCA
Tags: Aggiungi Tag
Nessun Tag, puoi essere il primo ad aggiungerne!!

MARC

LEADER 00000 a a2200000 04500
001 20875
003
040
090 |a 089404  
100 |a Torres, Rosa María  
245 |a La post-alfabetización como proceso social: el caso de Nicaragua  
260 |a San José:   |b CSUCA  
300 |a 36 p.  
999 |c 1360  |d 1360